Statistiques concernant Quiz sur le Québec

Cliquez ici pour prendre le quiz!

Statistiques générales

  • Ce quiz a été pris 5 923 fois
  • Le résultat moyen est 12 sur 22

Statistiques - réponses

QuestionRéponse% Correct
Ville la plus peupléeMontréal
97%
Langue officielleFrançais
96%
CapitaleQuébec
93%
Pays qui ont formellement possédé le territoire du QuébecFrance
82%
Plat québécois à base de frites, de fromage et de sauce brunePoutine
82%
Chanteuse de renommée mondiale d'origine québécoiseCéline Dion
78%
Pays qui ont formellement possédé le territoire du QuébecRoyaume-Uni
78%
Provinces canadiennes bordant le QuébecOntario
69%
Fleuve qui marque la frontière entre l'état de New York et le Canada, qui traverse le Québec pour rejoindre l'AtlantiqueSaint-Laurent
68%
Colline qui donne sont nom, par déformation, à cette ville.Mont Royal
49%
Provinces canadiennes qui bordent le QuébecTerre-Neuve-et-Labrador
48%
Immense Baie mesurant environ 960 km de large, située à l'ouest du QuébecBaie d'Hudson
47%
Provinces canadiennes qui bordent le QuébecNouveau-Brunswick
40%
Seule subdivision canadienne plus grande que le Québec par la superficieNunavut
38%
Seule équipe québécoise de la LNH, qui a remporté la coupe Stanley à 24 reprisesCanadiens de Montréal
35%
Entreprise qui monopolise l'électricité du QuébecHydro-Québec
35%
Premier Ministre actuelFrançois Legault
29%
Période de réformes importantes et de modernisation pour la province du QuébecRévolution {Tranquille}
25%
Rivière qui constitue un important segment de la frontière entre la province de Québec et celle de sa plus grande voisineRivière des {Outaouais}
20%
Nom donné au drapeau québécoisFleurdelisé
16%
Quel événement historique est souligné chaque année au Québec le lundi précédant le 25 mai?La Rébellion des Patriotes
15%
Oiseau emblématiqueHarfang des Neiges
13%

Distribution des résultats

Percentile par nombre de réponses

% des personnes avec chaque résultat

Votre développement - résultats

Vous n’avez pas pris ce quiz